000 00659nam a22002177a 4500
003 OSt
005 20260311065216.0
008 260311b |||||||| |||| 00| 0 eng d
020 _a981-265-476-3.
040 _aDWCL Main lib
_cOC
082 _28th ed.
_aGR 612.8 K14b 2005
100 _aKalat, James W.
245 _aBiological psychology
_cJames W. Kalat
250 _a8th ed.
260 _aSingapore :
_bThomson Learning Asia,
_cc2005.
300 _axxiii, 607 p. :
_bill. ;
_c25 cm.
504 _aIncludes bibliographical references and index.
650 _a1. Biopsychology.
650 _a2. Neuropsychology.
942 _2ddc
_cGR
_e8th ed.
_kGR.
_n0
999 _c8955
_d8955